| 000 | 00651nam a2200229Ia 4500 | ||
|---|---|---|---|
| 005 | 20260320201829.0 | ||
| 008 | 008 262003s9999 xx 000 0 eng d | ||
| 037 | _aEBOOK | ||
| 040 | _aCRL | ||
| 040 | _beng | ||
| 040 | _cCRL | ||
| 041 | _2eng | ||
| 041 | _aeng | ||
| 084 | _qCRL | ||
| 100 |
_aTezuysal _91136060 |
||
| 245 | 0 | _aDatabase Design and Modeling with PostgreSQL and MySQL: Build efficient and scalable databases for modern applications using open source databases | |
| 260 | _bIEEE | ||
| 856 | _uhttps://ieeexplore.ieee.org/servlet/opac?bknumber=10769319 | ||
| 942 | _cEBOOK | ||
| 999 |
_c1723775 _d1723775 |
||